000 00332 a2200157 4500
001 176700
020 _a
040 _cMagnum
100 _aMarques, Amadeu
240 1 0 _aA book of riddles
_lING
245 1 0 _aA book of riddles
362 0 _a1899
440 1 _aÁtica
697 _aMAGNITO: LITERATURA ESTRANGEIR
942 _cBK
999 _c176700
_d176700